LEADER 01688nam 2200505 450 001 9910464024603321 005 20200520144314.0 035 $a(CKB)2670000000616525 035 $a(MiAaPQ)EBC2051674 035 $a(Au-PeEL)EBL2051674 035 $a(CaPaEBR)ebr11055149 035 $a(CaONFJC)MIL784861 035 $a(OCoLC)909369991 035 $a(EXLCZ)992670000000616525 100 $a20150528h20152015 uy 0 101 0 $aeng 135 $aurcnu|||||||| 181 $2rdacontent 182 $2rdamedia 183 $2rdacarrier 200 10$aHistorical dictionary of African American cinema /$fS. Torriano Berry and Venise T. Berry 205 $aSecond edition. 210 1$aLanham, Maryland :$cRowman & Littlefield Publishers,$d2015. 210 4$dİ2015 215 $a1 online resource (568 pages) 225 1 $aHistorical Dictionaries of Literature and the Arts 311 $a1-4422-4701-0 311 $a1-4422-4702-9 320 $aIncludes bibliographical references. 410 0$aHistorical dictionaries of literature and the arts. 606 $aAfrican Americans in motion pictures 606 $aAfrican Americans in the motion picture industry$xBiography$vEncyclopedias 608 $aElectronic books. 615 0$aAfrican Americans in motion pictures. 615 0$aAfrican Americans in the motion picture industry$xBiography 676 $a791.43089/96073 700 $aBerry$b Torriano$0886422 702 $aBerry$b Venise T. 801 0$bMiAaPQ 801 1$bMiAaPQ 801 2$bMiAaPQ 906 $aBOOK 912 $a9910464024603321 996 $aHistorical dictionary of African American cinema$92292191 997 $aUNINA LEADER 03747nam 2200709 a 450 001 9910457747503321 005 20200520144314.0 010 $a1-283-28954-7 010 $a9786613289544 010 $a0-520-95058-5 024 7 $a10.1525/9780520950580 035 $a(CKB)2550000000049357 035 $a(EBL)776175 035 $a(OCoLC)756484251 035 $a(SSID)ssj0000554434 035 $a(PQKBManifestationID)11344517 035 $a(PQKBTitleCode)TC0000554434 035 $a(PQKBWorkID)10514317 035 $a(PQKB)11555519 035 $a(MiAaPQ)EBC776175 035 $a(DE-B1597)519570 035 $a(OCoLC)763159385 035 $a(DE-B1597)9780520950580 035 $a(Au-PeEL)EBL776175 035 $a(CaPaEBR)ebr10500361 035 $a(CaONFJC)MIL328954 035 $a(EXLCZ)992550000000049357 100 $a20110808d2011 uy 0 101 0 $aeng 135 $aur|n|---||||| 181 $ctxt 182 $cc 183 $acr 200 00$aBoreal birds of North America$b[electronic resource] $ea hemispheric view of their conservation links and significance /$fJeffrey V. Wells, editor 210 $aBerkeley [Calif.] $cUniversity of California Press$d2011 215 $a1 online resource (160 p.) 225 1 $aStudies in avian biology ;$vno. 41 300 $a"A publication of the Cooper Ornithological Society." 311 $a0-520-27100-9 320 $aIncludes bibliographical references and index. 327 $tFrontmatter -- $tContents -- $tContributors -- $tPreface -- $tAcknowledgments -- $t1. Boreal Forest Threats And Conservation Status -- $t2. Global Role For Sustaining Bird Populations -- $t3. Waterfowl Conservation Planning: Science Needs And Approaches -- $t4. Breeding Distribution And Ecology Of Pacific Coast Surf Scoters -- $t5. Geospatial Modeling Of Abundance With Breeding Bird Atlas Data -- $t6. The Boreal Landbird Component Of Migrant Bird Communities In Eastern North America -- $t7. Boreal Migrants In Winter Bird Communities -- $t8. Important Bird Areas As Wintering Sites For Boreal Migrants In The Tropical Andes -- $t9. Understanding Declines In Rusty Blackbirds -- $tIndex -- $tSeries List 330 $aReaching from interior Alaska across Canada to Labrador and Newfoundland, North America's boreal forest is the largest wilderness area left on the planet. It is critical habitat for billions of birds; more than 300 species regularly breed there. After the breeding season, many boreal birds migrate to seasonal habitats across the United States, Mexico, the Caribbean, and Central and South America. This volume brings together new research on boreal bird biology and conservation. It highlights the importance of the region to the global avifauna and to the connectivity between the boreal forest and ecoregions throughout the Americas. The contributions showcase a unique set of perspectives on the migration, wintering ecology, and conservation of bird communities that are tied to the boreal forest in ways that may not have been previously considered. 410 0$aStudies in avian biology ;$vno. 41. 606 $aForest birds$zCanada 606 $aForest birds$zAlaska 606 $aBirds$xEcology$zNorth America 606 $aTaiga ecology$zNorth America 608 $aElectronic books. 615 0$aForest birds 615 0$aForest birds 615 0$aBirds$xEcology 615 0$aTaiga ecology 676 $a639.9/78 701 $aWells$b Jeffrey V$g(Jeffrey Vance),$f1964-$01042317 801 0$bMiAaPQ 801 1$bMiAaPQ 801 2$bMiAaPQ 906 $aBOOK 912 $a9910457747503321 996 $aBoreal birds of North America$92478324 997 $aUNINA 999 $p$50.35$u05/11/2016$5Bio